000 nam a22 7a 4500
999 _c8520
_d8520
008 180117b ||||| |||| 00| 0 eng d
100 _aSinha S
_93186
245 _aLearning English
250 _a1st
260 _aNew Delhi
_bNCERT
_c2003